| 000 | 00860cam a22002891 4500 | ||
|---|---|---|---|
| 001 | 76655 | ||
| 003 | BD-RjUL | ||
| 005 | 20211209082853.0 | ||
| 008 | 191230s1954 nyua 000 0 eng | ||
| 035 | _a(BD-RjUL)76879 | ||
| 035 | _a(OCoLC)511197 | ||
| 040 |
_aDLC _cODaWU _dOCoLC _dUk _dDLC _beng |
||
| 041 | _aeng | ||
| 042 | _apremarc | ||
| 082 |
_a759 _223 _bTAF 1954 |
||
| 100 | 1 |
_aTaylor, Francis Henry, _d1903-1957. _9237172 |
|
| 245 | 1 | 0 |
_aFifty centuries of art / _cFrancis Henry Taylor, |
| 250 | _a[1st ed.] | ||
| 260 |
_aNew York : _bPublished for the Metropolitan Museum of Art by Harper , _c[1954] |
||
| 300 |
_avii, 183 p. : _bcol. illus.; _c29 cm. |
||
| 650 | 0 |
_aArt _xHistory. _9237173 |
|
| 906 |
_a7 _bcbc _coclcrpl _du _encip _f19 _gy-gencatlg |
||
| 942 |
_2ddc _cBK |
||
| 999 |
_c76655 _d76655 |
||